Famous Clowns Quiz Stats

 Plays Quiz Updated Sep 28, 2014

Also try: The Family Circus
Challenge
Share
Tweet
Embed
Score 0/18 Timer 06:00
0 Plays Today
Hint Clown % Correct
Batman's NemesisThe Joker
97.4%
The TV clown from the Simpsons and Bart's idolKrusty the Clown
77.4%
Fast food chain's advertising clown characterRonald McDonald or Jack in the Box
76.4%
Franchised clown created in 1946 by Alan W. LivingstonBozo the Clown
49.8%
Stephen King's monster clown from 'IT'Pennywise
28.6%
In Living Color's resident clownHomey the Clown
23.1%
Horrorcore duo of Violent J and Shaggy 2 DopeInsane Clown Posse
22.4%
WWE's wrestling clown gimmickDoink the Clown
15.3%
Pogo the clown serial killerJohn Wayne Gacy
11.7%
Hint Clown % Correct
1960 the Everly Brothers hit songCathy's Clown
8.6%
The clown from the Twisted Metal video gamesSweet Tooth
8.3%
The sidekick from 'Howdy Doody'Clarabell the Clown
6.6%
'Mary Tyler Moore Show's' ill-fated clownChuckles the Clown
6.2%
1892 opera with Tonio, Beppe, Silvio,and CanioI Pagliacci
5.1%
1991 Bobcat Goldthwait filmShakes the Clown
5%
Disney Channel show's title characterJoJo Tickle
4.9%
Villain in the anime series One PieceBuggy the Clown
2.2%
James Stewart's character from 'The Greatest Show on Earth'Buttons the Clown
1%

You're not logged in!

Compare scores with friends on all Sporcle quizzes.
OR
Log In

You Might Also Like...

Show Comments

Extras

Top Quizzes Today


Score Distribution

Your Account Isn't Verified!

In order to create a playlist on Sporcle, you need to verify the email address you used during registration. Go to your Sporcle Settings to finish the process.

Report this User

Report this user for behavior that violates our Community Guidelines.

Details: